000 00791nam a2200265Ia 4500
001 Z_469
003 CHAP
008 220113s1972 xx 000 0 und d
010 _a163446
040 _cCHAP
090 _aTesis I 66
100 _aIslas Solares, Mario
_960615
245 _aEnsayo de trece variedades de alfalfa (Medicago sativa) en condiciones de temporal en el Valle de Toluca, Méx. /
_cpor Mario Islas Solares
260 _aChapingo, Méx. :
_bEl autor,
_c1972
300 _a42 h.
502 _aTesis (Ing. Agrónomo Esp. en Zootecnia) -- ENA. Departamento de Zootecnia
650 _aAlfalfa como forraje
_93899
650 _aAlfalfa
_xToluca, Méx.
_9137643
901 _aTESIS I 66
902 _aM
910 _a1972
942 _c2
942 _c2
999 _c163446
_d163446